The Friday Multiple Choice Quiz (General Knowledge) #9 - Statistics

General Stats
  • This quiz has been taken 44 times
  • The average score is 6 of 10
Answer Stats
Question Answer % Correct
How old was the Pharaoh Tutankhamun when he died? 18 or 19
90%
By what name was Mickey Mouse originally going to be called? Mortimer
86%
Who wrote and recorded 'Folsom Prison Blues'? Johnny Cash
81%
Which historic sporting event took place at Iffley Road, Oxford, 6th May 1954? Roger Bannister ran the first ever four minute mile
71%
In what year did these events take place: Poland prevented England from qualifying for the World Cup Finals, JRR Tolkein died, and The Godfather won the Oscar for Best Picture? 1973
52%
In total, how many weeks did 'My Way' by Frank Sinatra spend in the top 75 of the UK singles chart? 122
50%
The Somoza family ruled which country from 1936-1979? Nicaragua
50%
What recreational facility was situated on Deck 21 of the Starship Enterprise? A Bowling Alley
36%
Who wrote the 1766 novel 'The Vicar of Wakefield'? Oliver Goldsmith
33%
In which book of the Bible does the story of Jacob's Ladder appear? Genesis
31%
No matching quizzes found
Score Distribution
Percent of People with Each Score
Percentile by Number Answered
Your Score History
You have not taken this quiz